000 01037nam a2200277 i 4500
001 bg
100 1 _aBARTULEWICZ, Jarosław
245 1 0 _aZastosowanie chromatografii gazowej i cieczowej do analizy zanieczyszczeń środowiska /
_czespół aut. Jarosław Bartulewicz, Janusz Gawłowski, Ewa Bartulewicz.
260 _aWarszawa :
_bPIOŚ,
_c1997.
300 _a222 s. :
_brys., wykr. ;
_c24 cm.
490 1 _aBiblioteka Monitoringu Środowiska / Państwowa Inspekcja Ochrony Środowiska
504 _aBibliogr. s. 220-222.
650 9 _aChromatografia
_xstosowanie
650 9 _aŚrodowisko człowieka
_xbadanie
_xmetody
700 1 _aGAWŁOWSKI, Janusz
700 1 _aBARTULEWICZ, Ewa
710 0 _aPAŃSTWOWA INSPEKCJA OCHRONY ŚRODOWISKA (Warszawa)
830 0 _aBiblioteka Monitoringu Środowiska (Państwowa Inspekcja Ochrony Środowiska)
020 _a8387166812
040 _cBPK
041 0 _apl
080 _a543.5:504.054
920 _a83-87166-81-2
942 _cKS
008 s pl f |000 0 pol
999 _c32895
_d32895
856 _uhttp://koha.tu.koszalin.pl/cgi-bin/koha/opac-detail.pl?biblionumber=32895
_yKatalog online BPK